00626nam a22001697a 450000500170000001000150001702000260003203500130005803700130007108200210008410000160010524501460012126000420026727000720030930000250038150000500040620140908104224.0 aENG-110765 a9788183876162c495.00 aEN-94297 bDBAD/PUB a333.954160954162 aDas, Brajen aEconomics of wildlife conservation and protected area tourism :c by Brajen Dasbapplication of TCM and CVM to Manas National Park of Assam / aNew DelhibSerials Publicationsc2014 a4830/24, Prahlad street, Ansari Road, Darya GanjbNew Delhie110002 axii,124p. c22cm(Hb) aIncludes bibliographical references and index